01363nam a22001697a 4500003000200000005001700002008004100019020001800060050002500078100003000103245005000133260004400183300002100227520088500248650002601133650003401159020241029092641.0241029b xxu||||| |||| 00| 0 eng d a9780063031968 aPN 9619.4b.J64 2020 aJoel, Alexandra,eauthor. aThe Paris model :ba novel /cAlexandra Joel. aNew York, NY :bHarperPerennial,c2020. a343 p. ;c21 cm. aA stunning novel of love, betrayal and family secrets for all fans of Fiona McIntosh and Natasha Lester. Raised on a vast Australian sheep farm, the beautiful Grace Woods is compelled to travel to tumultuous, postwar Paris in order to start a new life. While working as a glamorous model for Christian Dior, the world's newly acclaimed emperor of fashion, Grace mixes with counts and princesses, authors and artists, diplomats and politicians. Amongst those she befriends are Pablo Picasso, Julia Child, and the future Jackie Kennedy. But when Grace falls in love with the handsome Phillippe Boyer, she doesn't know that he is leading a double life, nor that his past might hold secrets and lies that will turn her life upside down. Based on a true story, The Paris Model by debut fiction author Alexandra Joel, is an unforgettable tale of glamour, family secrets, and heartbreak. aYoung womenvFiction. aAustraliansvFiction.zFrance